Southville International School and Colleges
Your cart is empty.
  • Cart
  • Lists
    Public lists Eva Luna New books Lux_list list_1
    Your lists Log in to create your own lists
  • Log in to your account
  • Your cookies
  • Search history
Southville International School and Colleges
  • Advanced search
  • Recent comments
  • Most popular
  • Libraries

Log in to your account

Log in with GOOGLE


If you do not have an external account, but do have a local account, you can still log in:

  1. Home
  2. MARC view: Women inventors :
Normal view MARC view ISBD view

Women inventors : (Record no. 9966)

[ view plain ]
MARC details
000 -LEADER
fixed length control field 01061cam a2200313 a 4500
001 - CONTROL NUMBER
control field 2566224
003 - CONTROL NUMBER IDENTIFIER
control field OSt
005 - DATE AND TIME OF LATEST TRANSACTION
control field 20140310182148.0
008 - FIXED-LENGTH DATA ELEMENTS--GENERAL INFORMATION
fixed length control field 950315s1991 sz a 000 0ceng d
010 ## - LIBRARY OF CONGRESS CONTROL NUMBER
LC control number 95127341
020 ## - INTERNATIONAL STANDARD BOOK NUMBER
International Standard Book Number 2882280017
035 ## - SYSTEM CONTROL NUMBER
System control number (NIC)notisAMK4589
035 ## - SYSTEM CONTROL NUMBER
System control number (CStRLIN)NYCXAMK4589-B
040 ## - CATALOGING SOURCE
Original cataloging agency CL
Transcribing agency CL
Modifying agency DLC
042 ## - AUTHENTICATION CODE
Authentication code lccopycat
050 00 - LIBRARY OF CONGRESS CALL NUMBER
Classification number T 39
Item number .M68 1991
082 00 - DEWEY DECIMAL CLASSIFICATION NUMBER
Classification number HS 609.2
Item number Mo86 1991
100 1# - MAIN ENTRY--PERSONAL NAME
Personal name Moussa, Farag.
9 (RLIN) 15632
245 10 - TITLE STATEMENT
Title Women inventors :
Remainder of title honored by the World Intellectual Property Organization /
Statement of responsibility, etc Farag Moussa.
260 ## - PUBLICATION, DISTRIBUTION, ETC. (IMPRINT)
Place of publication, distribution, etc Geneva :
Name of publisher, distributor, etc F. Moussa,
Date of publication, distribution, etc c1991.
300 ## - PHYSICAL DESCRIPTION
Extent 141 p. :
Other physical details ill. ;
Dimensions 23 cm.
650 #0 - SUBJECT ADDED ENTRY--TOPICAL TERM
Topical term or geographic name as entry element Women inventors
General subdivision Biography.
9 (RLIN) 15633
650 #0 - SUBJECT ADDED ENTRY--TOPICAL TERM
Topical term or geographic name as entry element Inventions
General subdivision Awards.
9 (RLIN) 15634
710 2# - ADDED ENTRY--CORPORATE NAME
Corporate name or jurisdiction name as entry element World Intellectual Property Organization.
9 (RLIN) 15635
906 ## - LOCAL DATA ELEMENT F, LDF (RLIN)
a 7
b cbc
c copycat
d 3
e ncip
f 19
g y-gencatlg
942 ## - ADDED ENTRY ELEMENTS (KOHA)
Source of classification or shelving scheme Library of Congress Classification
Koha item type
Holdings
Withdrawn status Lost status Source of classification or shelving scheme Damaged status Home library Current library Shelving location Date acquired Total Checkouts Full call number Barcode Date last seen Copy number Price effective from Koha item type
    Library of Congress Classification   Luxembourg Library Luxembourg Library High School Section 08/30/2013   T 39 .M68 1991 3425 08/30/2013 1 08/30/2013 Books

Women inventors :

APA

Moussa F., World Intellectual Property Organization, . (1991). Women inventors. Geneva: F. Moussa.

Chicago

Moussa Farag, World Intellectual Property Organization, . 1991. Women inventors. Geneva: F. Moussa.

Harvard

Moussa F., World Intellectual Property Organization, . (1991). Women inventors. Geneva: F. Moussa.

MLA

Moussa Farag, World Intellectual Property Organization, . Women inventors. Geneva: F. Moussa. 1991.

  • Place hold
  • Print
  • Cite
  • Add to your cart (remove)
  • Save record
    BIBTEX Dublin Core MARCXML MARC (non-Unicode/MARC-8) MARC (Unicode/UTF-8) MARC (Unicode/UTF-8, Standard) MODS (XML) RIS
  • More searches
    Search for this title in:
    Other Libraries (WorldCat) Other Databases (Google Scholar) Online Stores (Bookfinder.com) Open Library (openlibrary.org)

Exporting to Dublin Core...

SOUTHVILLE LIBRARY

Southville International School and Colleges Library

1281 Tropical Ave. Cor. Luxembourg St., BF Homes International, Las Pinas City

Tel. No. 8256374 / 252358 Loc. 117/146

Powered by Koha